000 00408pam a2200169 a 4500
020 _a0-14-302809-x
_c
041 _h
082 _a641.5
100 _aJASLEEN DHAMIJA
_eAuthor
245 _aCOOKING FOR ALL SEASONS
_cJASLEEN DHAMIJA
_hTextual Documents
250 _a1ST
260 _aNew Delhi
_bPENGUIN Books Ltd
300 _a263
653 _afood production
700 _eCo-Author
930 _a925
999 _c243539
_d243539